| 000 | 01797cam a2200373 a 4500 | ||
|---|---|---|---|
| 001 | EDZ0000085244 | ||
| 003 | StDuBDS | ||
| 005 | 20161031105149.0 | ||
| 006 | m||||||||d|||||||| | ||
| 007 | cr ||||||||||| | ||
| 008 | 120521s2001 caua fo| 001|0|eng d | ||
| 020 |
_a9781452233468 (ebook) : _cNo price |
||
| 040 |
_aStDuBDS _beng _cStDuBDS _epn |
||
| 049 | _aAlfaisal Main Library | ||
| 050 | 0 |
_aHD4605 _b.A667 2001 |
|
| 082 | 0 | 4 |
_a352.32140973 _223 |
| 100 | 1 | _aAmmons, David N. | |
| 245 | 1 | 0 |
_aMunicipal benchmarks _h[electronic resource] : _bassessing local performance and establishing community standards / _cDavid N. Ammons. |
| 250 | _a2nd ed. | ||
| 260 |
_aThousand Oaks, Calif. ; _aLondon : _bSAGE, _cc2001. |
||
| 300 |
_a1 online resource (ix, 501 p.) : _bill. |
||
| 504 | _aIncludes bibliographical references and index. | ||
| 520 | 8 | _aThis book helps elected and appointed government officials and citizens assess and establish standards for the efficient and effective delivery of quality services. Actual benchmarks are provided for numerous services such as libraries, parks and recreation, public works, emergency medical services, courts, animal control, risk management and public transport. | |
| 521 | _aSpecialized. | ||
| 588 | _aDescription based on print version record. | ||
| 650 | 0 |
_aMunicipal services _zUnited States _xEvaluation. |
|
| 650 | 0 |
_aMunicipal government _zUnited States _xEvaluation. |
|
| 650 | 0 |
_aBenchmarking (Managememt) _zUnited States. |
|
| 655 | 7 |
_aElectronic books. _2local |
|
| 710 | 2 | _aSage eBooks | |
| 776 | 0 | 8 |
_iPrint version : _z9780761920786 |
| 856 | 4 | 0 | _uhttp://ezproxy.alfaisal.edu/login?url=http://sk.sagepub.com/books/municipal-benchmarks-assessing-local-performance-and-establishing-community-standards-2e |
| 942 |
_2lcc _cEBOOKS |
||
| 999 |
_c480711 _d480711 |
||